Dítě traumatizované v blízkých vztazích manuál pro profesionály a rodiny

Bibliographic Details
Other Authors: Matoušek, Oldřich, 1947- (Editor)
Format: Book
Language:Czech
PhysicalDescription:207 strán 24 cm
Published: Praha Portál 2020
ISBN:9788026217077
Edition:Vydání druhé
Subjects:

MARC

LEADER 00000cam a2200000 4500
001 vtls012085637
003 SK-MaSNL
005 20260415094831.0
008 220201s2020 xr f n 000 0 cze
020 |a 9788026217077  |q (brožované) 
040 |a SNK  |b slo  |c SNK  |e rda 
041 0 |a cze  |b eng 
044 |a xr  |c CZ 
072 7 |a 159.97  |x Psychopatológia  |2 konspekt 
080 |a 364.612-053.2  |2 2001 
080 |a 159.974  |2 2011 
080 |a 616.89-053.2  |2 2011 
080 |a 615.851-053.2  |2 2011 
080 |a 349.3-053.2  |2 2011 
080 |a (048.8:082)  |2 2011 
245 0 0 |a Dítě traumatizované v blízkých vztazích  |b manuál pro profesionály a rodiny  |c Oldřich Matoušek (ed.) 
250 |a Vydání druhé 
264 1 |a Praha  |b Portál  |c 2020 
300 |a 207 strán  |c 24 cm 
336 |a text  |b txt  |2 rdacontent 
337 |a bez média  |b n  |2 rdamedia 
338 |a zväzok  |b nc  |2 rdacarrier 
500 |a Obsahuje profesijné údaje o editorovi 
504 |a Obsahuje bibliografiu na konci kapitol 
546 |a Resumé v angličtine 
650 0 7 |a deprivované deti  |2 SNKPH  |9 69170 
650 0 7 |a Deprivation in children  |2 SNKPHeng  |9 319905 
650 0 7 |a psychické traumy  |2 SNKPH  |9 71373 
650 0 7 |a Psychic traumas  |2 SNKPHeng  |9 312985 
650 0 7 |a detská psychopatológia  |2 SNKPH  |9 144052 
650 0 7 |a Child psychopathology  |2 SNKPHeng  |9 349028 
650 0 7 |a detská psychoterapia  |2 SNKPH  |9 68135 
650 0 7 |a Child psychotherapy  |2 SNKPHeng  |9 342778 
650 0 7 |a sociálnoprávna ochrana detí  |2 SNKPH  |9 88186 
650 0 7 |a Social-law children protection  |2 SNKPHeng  |9 275562 
655 7 |a kolektívne monografie  |2 SNKPH  |9 249850 
655 7 |a Collective monographs  |2 SNKPHeng  |9 125747 
700 1 |a Matoušek, Oldřich,  |d 1947-  |4 edt  |9 109521 
852 |a Slovenská národná knižnica 
919 |a 978-80-262-1707-7 
954 |a odborná, vedecká literatúra cudzojazyčná (svetová)  |2 lita 
958 |a NB 
999 |c 786325  |d 788255 
952 |t snkMAT 616.89:053.2  |a SNKUST  |b SNKUST  |y PREZ  |7 0  |p 17A1525976  |o snkIC 147442  |i snk2023/3568  |8 4  |g 14.34  |0 0  |1 0  |4 0  |d 2022-02-01  |l 0  |r 2025-04-30 00:00:00  |w 2026-02-24